000 00943nam a22002177a 4500
005 20260126085537.0
008 240913b wau|||||||| |||| 00| 0 spa d
050 0 4 _aZ675.U5
_bW55 1963
100 1 _aWilson, Louis R.
240 1 4 _aThe university library: the organization, administration, and functions of academic libraries.
_lEspañol
245 1 3 _aLa biblioteca universitaria
_b : su organización, administración y funciones
_cLouis R. y Maurice F. Tauber ; traductor al español por Jorge Aguayo
250 _a1a ed.
260 _aWashinton :
_bUnión Panamericana. Secretaría General, Organización de los Estados Americanos,
_c1963
300 _a337 p. ;
_c29 cm.
490 0 _aManuales del Bibliotecario ;
_v4
505 _aBibliografía : p. 375-377 e índice
650 7 _2lemb
_aBibliotecas universitarias
_xAdministración
700 1 _aTauber, Maurice F.,
_eautor
700 1 _aAguayo, Jorge,
_etraductor
942 _2lcc
_cLIB
999 _c115048
_d115048